Cancer link to power lines (Record no. 64727)
[ view plain ]
| 000 -LEADER | |
|---|---|
| fixed length control field | 01294cam a2200241 4500 |
| 001 - CONTROL NUMBER | |
| control field | WB3637-07 |
| 008 - FIXED-LENGTH DATA ELEMENTS--GENERAL INFORMATION | |
| fixed length control field | 000000n2000 000 0 eng u |
| 035 ## - SYSTEM CONTROL NUMBER | |
| System control number | (Sirsi) u108411 |
| 245 ## - TITLE STATEMENT | |
| Title | Cancer link to power lines |
| 260 ## - PUBLICATION, DISTRIBUTION, ETC. | |
| Date of publication, distribution, etc. | 2000 |
| 490 ## - SERIES STATEMENT | |
| Series statement | Guardian |
| Volume/sequential designation | 21 September 2000, 2; |
| 490 ## - SERIES STATEMENT | |
| Series statement | Daily Telegraph |
| Volume/sequential designation | 22 September 2000, 11(2) |
| 520 ## - SUMMARY, ETC. | |
| Summary, etc. | A research team from Bristol University present new evidence that high voltage power lines cause cancer by making particles of pollution stick to people's lungs. Research shows that car exhaust particles get an electrical charge from nearby power lines that makes them 'sticky' meaning that people living nearby get up to three times the daily exposure of pollutants in their lungs. A scientific advisor for the Electricity Association accepts that power cables affect airborne particles, but not that the research shows there is an affect on health. More information available at: http://www.electric-fields.bris.ac.uk ; http://www.nrpb.org.uk ; http://electricity.org.uk |
| 590 ## - LOCAL NOTE (RLIN) | |
| Local note | WB |
| 650 ## - SUBJECT ADDED ENTRY--TOPICAL TERM | |
| Topical term or geographic name entry element | OVERHEAD POWER LINES |
| 650 ## - SUBJECT ADDED ENTRY--TOPICAL TERM | |
| Topical term or geographic name entry element | ELECTRICITY ASSOCIATION |
| 650 ## - SUBJECT ADDED ENTRY--TOPICAL TERM | |
| Topical term or geographic name entry element | BRISTOL UNIVERSITY |
| 650 ## - SUBJECT ADDED ENTRY--TOPICAL TERM | |
| Topical term or geographic name entry element | CANCER |
| 650 ## - SUBJECT ADDED ENTRY--TOPICAL TERM | |
| Topical term or geographic name entry element | POLLUTION |
| 650 ## - SUBJECT ADDED ENTRY--TOPICAL TERM | |
| Topical term or geographic name entry element | HEALTH HAZARDS |
| 690 ## - LOCAL SUBJECT ADDED ENTRY--TOPICAL TERM (OCLC, RLIN) | |
| Topical term or geographic name as entry element | ENVIRONMENT-CONTAMINATION |
| 942 ## - ADDED ENTRY ELEMENTS (KOHA) | |
| Suppress in OPAC | 0 |
| Withdrawn status | Lost status | Source of classification or shelving scheme | Damaged status | Not for loan | Home library | Current library | Shelving location | Date acquired | Total Checkouts | Full call number | Barcode | Date last seen | Copy number | Price effective from | Koha item type |
|---|---|---|---|---|---|---|---|---|---|---|---|---|---|---|---|
| Dewey Decimal Classification | London | London | News article | 21/09/2000 | WB3637-07 | 108411-1001 | 06/08/2019 | 1 | 06/08/2019 | News article |